Foreword ; Vorwort
Elmentve itt :
| Szerzők: | |
|---|---|
| Dokumentumtípus: | Könyv része |
| Megjelent: |
1980
|
| Sorozat: | Studia poetica
2 Literary semantics and possible worlds = Literatursemantik und mögliche Welten 2 |
| Kulcsszavak: | Szemantika - irodalmi - próza - előszó, Irodalomelmélet - előszó |
| Tárgyszavak: | |
| Online Access: | http://acta.bibl.u-szeged.hu/17099 |
| LEADER | 00889naa a2200253 i 4500 | ||
|---|---|---|---|
| 001 | acta17099 | ||
| 005 | 20220117131632.0 | ||
| 008 | 161015s1980 hu o 0|| eng d | ||
| 022 | |a 0209-9403 | ||
| 040 | |a SZTE Egyetemi Kiadványok Repozitórium |b hun | ||
| 041 | |a eng | ||
| 041 | |a ger | ||
| 100 | 1 | |a Bernáth Árpád | |
| 245 | 1 | 0 | |a Foreword ; Vorwort |h [elektronikus dokumentum] / |c Bernáth Árpád |
| 260 | |c 1980 | ||
| 300 | |a 3-4 | ||
| 490 | 0 | |a Studia poetica |v 2 | |
| 490 | 0 | |a Literary semantics and possible worlds = Literatursemantik und mögliche Welten |v 2 | |
| 650 | 4 | |a Bölcsészettudományok | |
| 650 | 4 | |a Nyelvek és irodalom | |
| 695 | |a Szemantika - irodalmi - próza - előszó, Irodalomelmélet - előszó | ||
| 700 | 0 | 1 | |a Csúri Károly |e aut |
| 700 | 0 | 1 | |a Kanyó Zoltán |e aut |
| 856 | 4 | 0 | |u http://acta.bibl.u-szeged.hu/17099/1/studia_poetica_002_003-004.pdf |z Dokumentum-elérés |